| 000 | 01328nam a22003977a 4500 | ||
|---|---|---|---|
| 001 | 0044051 | ||
| 003 | KOHA_MİRAKIL | ||
| 005 | 20260207003412.0 | ||
| 007 | ta | ||
| 008 | 130730b2012 tu |||gr||||#0|||1|tur | | ||
| 020 | _a9757663166 | ||
| 040 |
_aTR-BiSEU _btur _cTR-BiSEU _erda |
||
| 041 | 0 | _atur | |
| 044 | _ctu | ||
| 050 |
_aPL248.A98 _bY37 2012 |
||
| 100 | 1 | _aAyverdi, Samiha.. | |
| 245 | 1 |
_aYaşayan ölü/ _cSamiha. Ayverdi ; Semiha Ayverdi, Yayına hazırlayan Aysel Yüksel. |
|
| 264 | 1 |
_aİstanbul : _bKubbealti Neşriyatı _c2012 |
|
| 300 | _a227 sayfa; 20 cm. | ||
| 336 |
_ametin _btxt _2rdacontent |
||
| 337 |
_aaracısız _bn _2rdamedia |
||
| 338 |
_acilt _bnc _2rdacarrier |
||
| 490 | 1 |
_aAyverdi Enstitüsü Neşriyatı ; _v2. |
|
| 490 | 1 |
_aSamiha Ayverdi Külliyatı ; _v2. |
|
| 490 | 1 |
_aKubbealtı Neşriyatı ; _v33. |
|
| 500 | _aDizin var. | ||
| 650 | 0 |
_aAyverdi, Sâmiha 1905-1993--Biography. _982115 |
|
| 650 | 0 |
_aWomen Authors, Turkish--20th century--Biography. _982116 |
|
| 650 | 0 |
_aTurkey--History--20th. _982117 |
|
| 650 | 0 |
_aTurkey--History--Mehmed V, 1909-1918. _98051 |
|
| 830 | 1 |
_aAyverdi Enstitüsü Neşriyatı ; _v2. _945895 |
|
| 830 | 1 |
_aSamiha Ayverdi Külliyatı ; _v2. _975578 |
|
| 830 | 1 |
_aKubbealtı Neşriyatı ; _v33. _936689 |
|
| 907 | _aRoman | ||
| 942 |
_2lcc _cBK |
||
| 999 |
_c43855 _d43855 |
||